书目信息 |
| 题名: |
视觉传达设计的造型要素与不同领域
|
|
| 作者: | 亢琳 著 | |
| 分册: | ||
| 出版信息: | 北京 中国水利水电出版社 2014 |
|
| 页数: | 197页 | |
| 开本: | 24cm | |
| 丛书名: | ||
| 单 册: | ||
| 中图分类: | J062 | |
| 科图分类: | ||
| 主题词: | 视觉设计--研究 | |
| 电子资源: | ||
| ISBN: | 978-7-5170-1859-9 | |
| 000 | 00853nam0 2200229 450 | |
| 001 | 338190 | |
| 005 | 20150601145759.03 | |
| 010 | @a978-7-5170-1859-9@dCNY38.00 | |
| 100 | @a20141211d2014 em y0chiy50 ea | |
| 101 | 0 | @achi |
| 102 | @aCN@b110000 | |
| 105 | @aa z 000yy | |
| 106 | @ar | |
| 200 | 1 | @a视觉传达设计的造型要素与不同领域@Ashi jue chuan da she ji de zao xing yao su yu bu tong ling yu@f亢琳著 |
| 210 | @a北京@c中国水利水电出版社@d2014 | |
| 215 | @a197页@c图@d24cm | |
| 330 | @a本书重点论述与分析视觉传达设计的造型要素、形式原则、不同领域设计, 内容包括: 视觉传达设计概述;视觉传达设计中的文字要素;视觉传达设计中的图形要素;视觉传达设计中的色彩要素;视觉传达设计中的编排等。 | |
| 606 | 0 | @a视觉设计@x研究 |
| 690 | @aJ062@v5 | |
| 701 | 0 | @a亢琳@Akang lin@c(女, @f1977-)@4著 |
| 801 | 0 | @aCN@b卓展宏图@c20150525 |
| 905 | @dJ062@e305@f4 | |
| 视觉传达设计的造型要素与不同领域/亢琳著.-北京:中国水利水电出版社,2014 |
| 197页:图;24cm |
| ISBN 978-7-5170-1859-9:CNY38.00 |
| 本书重点论述与分析视觉传达设计的造型要素、形式原则、不同领域设计, 内容包括: 视觉传达设计概述;视觉传达设计中的文字要素;视觉传达设计中的图形要素;视觉传达设计中的色彩要素;视觉传达设计中的编排等。 |
| ● |
| 相关链接 |
|
|
|
|
正题名:视觉传达设计的造型要素与不同领域
索取号:J062/305
 
预约/预借
| 序号 | 登录号 | 条形码 | 馆藏地/架位号 | 状态 | 备注 |
| 1 | 861193 | 208611938 | 第一样本阅览室/ [索取号:J062/305] | 在馆 | |
| 2 | 861194 | 208611947 | 美术系资料室/ [索取号:J062/305] | 在馆 | |
| 3 | 861195 | 208611956 | 第一借阅区/ [索取号:J062/305] | 在馆 | |
| 4 | 861196 | 208611965 | 第一借阅区/ [索取号:J062/305] | 在馆 |